Responses for Show #848 - Wednesday, April 20, 1988

Contestants

[<< previous game]

Matt Lieff, a training manager from Cheltenham, Pennsylvania

Sharon Keld, a product manager from Chicago, Illinois

Tom Lawrence, a performing waiter from Davenport, Iowa (whose 2-day cash winnings total $18,800)

Jeopardy! Round responses

BOOKS & AUTHORS
NURSERY RHYMES
HITS OF THE '80s
I'LL TAKE MANHATTAN
WOMEN
WEAPONS
    $100 1
The Hunchback of Notre Dame

Tom
    $100 21
baby & cradle

Tom
    $100 6
"Lady"

Tom
    $100 16
(Tom: What is St. Peter's?)

St. Patrick's

TomSharon
    $100 26
pierce

Tom
    $100 5
grenades

Tom
    $200 2
Ogden Nash

Tom
    $200 22
"London Bridge"

Tom
    $200 7
"The Greatest Love of All"

Matt
    $200 17
SoHo

Matt
    $200 28
Miss America

Tom
    $200 8
(Sharon: What is a lob?)

volley

TomSharon
    $300 3
F. Scott Fitzgerald

Tom
    $300 23
whale

Sharon
    $300 9
"Queen of Hearts"

Tom
    $300 18
U.N.

Sharon
    $300 29
Adam

Matt
    $300 13
John Browning

Matt
    $400 4
Jeeves

Matt
    $400 24
straw

Sharon
    $400 10
(Tom: Who is Sheila?)

Donna

Tom
Triple Stumper
    $500 19
(Sharon: What is Broadway?)

Central Park

Sharon
    $400 30
photojournalist

Triple Stumper
    $400 14
sword

Matt
    $500 12
the page (blank sheet of paper)

Matt
    $500 25
(Alex: Sharon, select and we have less than a minute to go.)

Gloucester

Triple Stumper
    $500 11
"Guitar Man"

Triple Stumper
    $500 20
Guggenheim

Sharon
    $500 27
(Tom: What is the Croix de Guerre?)

Legion of Honor

TomMatt
    $500 15
spear

Tom

Scores at the first commercial break (after clue 14):

Tom Sharon Matt
$900 -$200 $1,800

Scores at the end of the Jeopardy! Round:

Tom Sharon Matt
$1,400 $900 $2,800

Double Jeopardy! Round responses

SCIENCE
GREEK MYTHOLOGY
PRESIDENTIAL TRIVIA
BODIES OF WATER
"LITTLE" MOVIES
15-LETTER WORDS
    $200 21
gravity

Sharon
    $200 22
(Alex: We've got a minute to go.)

Midas Touch (Golden Touch)

Sharon
    $200 2
(Millard) Fillmore

Tom
    $200 16
Hudson

Sharon
    $200 1
My Little Chickadee

Matt
    $200 7
Rumpelstiltskin

Tom
    $400 24
hares

Triple Stumper
    $400 23
snake

Tom
    $400 12
Washington

Tom
    $1,100 17
(Sharon: What is a levee?)
(Alex: "Son of a gun, we'll have big fun on the [*]".)

bayou

Sharon
    $400 3
Little Big Man

Tom
    $400 8
parliamentarian

Tom
    $600 25
circuit

Matt
    $600 13
(Tom: What is Yonkers?)

Buffalo

Tom
Triple Stumper
    $600 18
Tennessee Valley Authority

Matt
    $600 4
The Little Foxes

Tom
    $600 9
insubordination

Tom
    $800 26
chromosomes

Matt
    $800 14
Jefferson

Matt
    $800 19
Arabian Sea

Triple Stumper
    $800 5
Little Darlings

Tom
    $800 10
experimentation

Tom
    $1000 27
(Tom: What is the root?)
(Alex: Be more specific.)
(Tom: What is...)
...
[The end-of-round signal sounds.]

taproot

Tom
Triple Stumper
    $1000 15
Rutherford B. Hayes

Tom
    $1000 20
(Sharon: What is El Nino? [Laughs] Oh, that's not a German geographer.)
(Alex: Caught yourself too late.)

Humboldt

Sharon
Triple Stumper
    $1000 6
Little Lord Fauntleroy

Tom
    $1000 11
(Matt: What is disadvantaged?)

underprivileged

Matt
Triple Stumper

Scores at the end of the Double Jeopardy! Round:

Tom Sharon Matt
$6,600 -$600 $4,800

[wagering suggestions for these scores]

Final Jeopardy! Round responses

INTERNATIONAL TRADE
MattWhat is cotton?
$4,800
TomWhat is cotton?
$3,001
cotton

Final scores:

Tom Sharon Matt
$9,601 -$600 $9,600
3-day champion: $28,401 3rd place: Casio CW-30 portable typewriter + Jeopardy! box game or computerized version 2nd place: Sound Design video center & Abatrak vertical blinds + Jeopardy! box game or computerized version

Game dynamics:

Coryat scores:

Tom Sharon Matt
$6,600 $1,000 $4,800
24 R
(including 1 DD),
5 W
8 R,
4 W
(including 2 DDs)
13 R,
1 W

Combined Coryat: $12,400

[game clues] [game scores] [suggest correction]

Game tape date: 1988-01-18
The J! Archive is created by fans, for fans. Scraping, republication, monetization, and malicious use prohibited; this site may use cookies and collect identifying information. See terms. The Jeopardy! game show and all elements thereof, including but not limited to copyright and trademark thereto, are the property of Jeopardy Productions, Inc. and are protected under law. This website is not affiliated with, sponsored by, or operated by Jeopardy Productions, Inc. Join the discussion at JBoard.tv.